[Event "III Mikolajowy Turniej Szachowy <br> Gru"]
[Site "MOKiS Myslenice"]
[Date "2012.??.??"]
[Round "4.3"]
[White "Bandyk, Sebastian"]
[Black "Madej, Roman"]
[Result "0-1"]
[WhiteElo "1454"]
[BlackElo "1609"]
[PlyCount "78"]
[EventDate "2012.??.??"]

1. e4 c5 2. Nf3 d6 3. d4 cxd4 4. Nxd4 Nf6 5. f3 a6 6. c4 e6 7. Nc3 Be7 8. Be2
O-O 9. Be3 Qc7 10. O-O Nbd7 11. Qd2 b6 12. Rac1 Bb7 13. a3 Nc5 14. b4 e5 15.
bxc5 exd4 16. Bxd4 dxc5 17. Be3 Bd6 18. h3 Bh2+ 19. Kh1 Rfe8 20. Bd3 Rad8 21.
Qc2 Nh5 22. Bf2 Bg3 23. Nd5 Bxd5 24. cxd5 Bf4 25. Rb1 b5 26. a4 c4 27. Be2 Rb8
28. Rg1 Be3 29. Rgf1 Ng3+ 30. Kg1 Nxf1 31. Bxf1 Bxf2+ 32. Kxf2 Qc5+ 33. Ke1
Rec8 34. axb5 axb5 35. Kd2 b4 36. Kc1 b3 37. Qc3 Qf2 38. Bxc4 Rxc4 39. Qxc4
Qe1+ 0-1

[Event "III Mikolajowy Turniej Szachowy <br> Gru"]
[Site "MOKiS Myslenice"]
[Date "2012.??.??"]
[Round "4.4"]
[White "Suder, Jakub"]
[Black "Burek, Marcin"]
[Result "1/2-1/2"]
[WhiteElo "1494"]
[BlackElo "1734"]
[PlyCount "72"]
[EventDate "2012.??.??"]

1. d4 Nf6 2. c4 g6 3. Nc3 d5 4. cxd5 Nxd5 5. e4 Nxc3 6. bxc3 Bg7 7. Nf3 O-O 8.
Be2 c5 9. Rb1 Nc6 10. Be3 cxd4 11. cxd4 Qa5+ 12. Qd2 Qxd2+ 13. Kxd2 Rd8 14. Kc3
b6 15. e5 Be6 16. Kb2 Rac8 17. Rbc1 Na5 18. Ba6 Nc4+ 19. Ka1 Rc6 20. Nd2 Na5
21. Rxc6 Nxc6 22. Nf3 Nb4 23. Be2 Nc2+ 24. Kb2 Nxe3 25. fxe3 Bh6 26. Rd1 Bxe3
27. Rd3 Bh6 28. Rc3 Rc8 29. Rxc8+ Bxc8 30. d5 Bg7 31. Kb3 h6 32. Bb5 Kf8 33. d6
exd6 34. exd6 Bf6 35. Bc6 Bd8 36. Ka4 Bf6 1/2-1/2

[Event "III Mikolajowy Turniej Szachowy <br> Gru"]
[Site "MOKiS Myslenice"]
[Date "2012.??.??"]
[Round "4.5"]
[White "Adamczyk, Pawel"]
[Black "Krasinski, Mateusz"]
[Result "1-0"]
[WhiteElo "1528"]
[BlackElo "1638"]
[PlyCount "37"]
[EventDate "2012.??.??"]

1. e4 e5 2. Nf3 Nc6 3. Bc4 Bc5 4. O-O Nf6 5. d4 Bxd4 6. Nxd4 Nxd4 7. f4 Nc6 8.
Bxf7+ Kxf7 9. fxe5 Qe7 10. exf6 Qc5+ 11. Kh1 gxf6 12. Nc3 Ne7 13. Qf3 Qe5 14.
Bf4 Qc5 15. Bxc7 Qg5 16. Bf4 Qc5 17. e5 f5 18. Qh5+ Ke6 19. Rad1 1-0

[Event "III Mikolajowy Turniej Szachowy <br> Gru"]
[Site "MOKiS Myslenice"]
[Date "2012.??.??"]
[Round "4.6"]
[White "Chmiel, Marcin"]
[Black "Krzymionka, Karol"]
[Result "1-0"]
[WhiteElo "1982"]
[BlackElo "1629"]
[PlyCount "53"]
[EventDate "2012.??.??"]

1. e4 Nf6 2. e5 Nd5 3. d4 d6 4. Nf3 Bg4 5. h3 Bh5 6. c4 Nb6 7. exd6 cxd6 8. Be2
d5 9. c5 Nc8 10. Nc3 e6 11. Bf4 Bxf3 12. Bxf3 Be7 13. O-O a6 14. b4 O-O 15.
Bxb8 Rxb8 16. Qd3 Bf6 17. Rab1 Ne7 18. b5 Qa5 19. a4 g6 20. g4 Bg7 21. Rb3 Qc7
22. Rfb1 a5 23. Ne2 f5 24. Qe3 Rf6 25. g5 f4 26. b6 fxe3 27. bxc7 1-0

[Event "III Mikolajowy Turniej Szachowy <br> Gru"]
[Site "MOKiS Myslenice"]
[Date "2012.??.??"]
[Round "4.7"]
[White "Platek, Adam"]
[Black "Mrozinski, Michal"]
[Result "1/2-1/2"]
[WhiteElo "1700"]
[BlackElo "1397"]
[PlyCount "38"]
[EventDate "2012.??.??"]

1. d4 Nf6 2. Nf3 g6 3. c4 Bg7 4. Nc3 O-O 5. e4 d6 6. Be2 e5 7. O-O Nh5 8. Be3
f5 9. exf5 Bxf5 10. dxe5 dxe5 11. Qxd8 Rxd8 12. Nd5 Rd7 13. Nh4 Nf6 14. Nxf6+
Bxf6 15. Nxf5 gxf5 16. Rfd1 Rxd1+ 17. Rxd1 Na6 18. a3 Rd8 19. Rxd8+ Bxd8
1/2-1/2

[Event "III Mikolajowy Turniej Szachowy <br> Gru"]
[Site "MOKiS Myslenice"]
[Date "2012.??.??"]
[Round "5.1"]
[White "Mucha, Roman"]
[Black "Adamczyk, Pawel"]
[Result "1-0"]
[WhiteElo "2177"]
[BlackElo "1528"]
[PlyCount "59"]
[EventDate "2012.??.??"]

1. b3 b6 2. Bb2 Bb7 3. Nf3 Nf6 4. g3 g6 5. Bxf6 exf6 6. Bg2 Bg7 7. d4 d5 8. O-O
O-O 9. e3 Qd7 10. Nbd2 c5 11. Rc1 cxd4 12. Nxd4 Nc6 13. N2f3 Rac8 14. Nxc6 Bxc6
15. Nd4 Bb7 16. Qe2 Rc5 17. Rfd1 Rfc8 18. h4 f5 19. h5 Qc7 20. Rd2 Bxd4 21.
exd4 Rc3 22. h6 f4 23. Re1 Rf8 24. Qe7 Qxe7 25. Rxe7 Ba8 26. gxf4 f6 27. Rxa7
Rcc8 28. Re2 Rfe8 29. Rxe8+ Rxe8 30. Rxa8 1-0

[Event "III Mikolajowy Turniej Szachowy <br> Gru"]
[Site "MOKiS Myslenice"]
[Date "2012.??.??"]
[Round "5.2"]
[White "Wilk, Maciej"]
[Black "Solek, Zenon"]
[Result "1-0"]
[WhiteElo "1646"]
[BlackElo "1896"]
[PlyCount "41"]
[EventDate "2012.??.??"]

1. e4 c5 2. Nf3 e6 3. d4 cxd4 4. Nxd4 a6 5. Bd3 Nf6 6. c4 Qc7 7. Nc3 Nc6 8. Be3
Ne5 9. Qe2 Nfg4 10. Rc1 Nxh2 11. f3 Nxd3+ 12. Qxd3 Qg3+ 13. Bf2 Qxg2 14. Ke2 g6
15. Rcg1 Qh3 16. Bg3 Qh5 17. Bxh2 Qa5 18. Nb3 Qd8 19. Bd6 Bxd6 20. Qxd6 Qe7 21.
Qxe7+ 1-0

[Event "III Mikolajowy Turniej Szachowy <br> Gru"]
[Site "MOKiS Myslenice"]
[Date "2012.??.??"]
[Round "5.3"]
[White "Madej, Roman"]
[Black "Suder, Jakub"]
[Result "0-1"]
[WhiteElo "1609"]
[BlackElo "1494"]
[PlyCount "65"]
[EventDate "2012.??.??"]

1. d4 Nf6 2. c4 e6 3. Nc3 Bb4 4. Qc2 d5 5. Bg5 h6 6. Bxf6 Qxf6 7. e3 Nd7 8. Nf3
b6 9. cxd5 exd5 10. Bb5 c6 11. Bd3 Bb7 12. O-O O-O 13. Rfd1 Bxc3 14. Qxc3 Rac8
15. Rac1 Qd6 16. Bf5 Rc7 17. b4 b5 18. Bxd7 Rxd7 19. Ne5 Rc7 20. Qc5 Qxc5 21.
Rxc5 Rfc8 22. Rdc1 f6 23. Ng6 Kf7 24. Nf4 Rd7 25. Nd3 Ke7 26. Nf4 Rdd8 27. Nd3
Rd7 28. R5c3 Kd6 29. Nc5 Re7 30. Ra3 Ra8 31. Nxb7+ Rxb7 32. f3 Rb6 33. Kf2 0-1

[Event "III Mikolajowy Turniej Szachowy <br> Gru"]
[Site "MOKiS Myslenice"]
[Date "2012.??.??"]
[Round "5.5"]
[White "Szczurek, Krzysztof"]
[Black "Bandyk, Sebastian"]
[Result "1/2-1/2"]
[WhiteElo "1590"]
[BlackElo "1454"]
[PlyCount "41"]
[EventDate "2012.??.??"]

1. d4 d5 2. c4 dxc4 3. e3 Nf6 4. Bxc4 a6 5. Nf3 e6 6. Nc3 b5 7. Bd3 c5 8. dxc5
Bxc5 9. O-O O-O 10. Qc2 Bb6 11. e4 h6 12. e5 Nd5 13. Nxd5 exd5 14. Bf4 Bg4 15.
Nd4 Nd7 16. Nb3 Qe7 17. h3 Bh5 18. Rfe1 Rac8 19. Qd2 Qe6 20. Rac1 Rxc1 21. Qxc1
1/2-1/2

[Event "III Mikolajowy Turniej Szachowy <br> Gru"]
[Site "MOKiS Myslenice"]
[Date "2012.??.??"]
[Round "5.6"]
[White "Burek, Marcin"]
[Black "Platek, Adam"]
[Result "1/2-1/2"]
[WhiteElo "1734"]
[BlackElo "1700"]
[PlyCount "56"]
[EventDate "2012.??.??"]

1. e4 c5 2. c3 d5 3. exd5 Qxd5 4. d4 Nf6 5. Nf3 Bg4 6. Be2 e6 7. h3 Bh5 8. Be3
cxd4 9. cxd4 Nc6 10. O-O Be7 11. Nc3 Qd6 12. Nb5 Qd8 13. Ne5 Bxe2 14. Qxe2 a6
15. Nxc6 bxc6 16. Nc3 O-O 17. Rac1 Qa5 18. b3 Rfc8 19. Na4 Nd5 20. Bd2 Qb5 21.
Qc4 Rab8 22. Rc2 Nb6 23. Qxb5 axb5 24. Nxb6 Rxb6 25. Be3 Ra6 26. Rd1 Rd8 27.
Rdc1 Rc8 28. g3 h6 1/2-1/2

[Event "III Mikolajowy Turniej Szachowy <br> Gru"]
[Site "MOKiS Myslenice"]
[Date "2012.??.??"]
[Round "5.7"]
[White "Mrozinski, Michal"]
[Black "Krasinski, Mateusz"]
[Result "0-1"]
[WhiteElo "1397"]
[BlackElo "1638"]
[PlyCount "70"]
[EventDate "2012.??.??"]

1. e4 c5 2. Nf3 Nc6 3. d4 cxd4 4. Nxd4 g6 5. Be3 Bg7 6. f3 Qb6 7. Nf5 Qxb2 8.
Nxg7+ Qxg7 9. c3 Nf6 10. Qd2 O-O 11. Bh6 Qh8 12. Bxf8 Kxf8 13. Qh6+ Kg8 14. Bb5
Rb8 15. O-O a6 16. Ba4 b5 17. Bb3 Bb7 18. Nd2 b4 19. cxb4 Nxb4 20. Rab1 Nd3 21.
Nc4 Bxe4 22. fxe4 Ng4 23. Qd2 Qd4+ 24. Ne3 Nxe3 25. Rf2 Ng4 26. Bxf7+ Kg7 27.
Rxb8 Ngxf2 28. Kf1 Nxe4 29. Qc2 Qe3 30. Rb1 Nd2+ 31. Qxd2 Qxd2 32. Kg1 Qf2+ 33.
Kh1 Kxf7 34. h3 Ne1 35. Rxe1 Qxe1+ 0-1

[Event "III Mikolajowy Turniej Szachowy <br> Gru"]
[Site "MOKiS Myslenice"]
[Date "2012.??.??"]
[Round "5.9"]
[White "Mis, Mieszko"]
[Black "Bandyk, Wladyslaw"]
[Result "0-1"]
[WhiteElo "1412"]
[BlackElo "1631"]
[PlyCount "62"]
[EventDate "2012.??.??"]

1. e4 c5 2. Nf3 e6 3. d4 cxd4 4. Nxd4 Nf6 5. Nc3 Nc6 6. Be3 Bb4 7. Bd3 d5 8.
Nxc6 bxc6 9. exd5 cxd5 10. O-O O-O 11. Bg5 h6 12. Bh4 Rb8 13. Bg3 Bd6 14. Bxd6
Qxd6 15. Re1 Re8 16. Ne2 e5 17. c4 e4 18. Bc2 Ng4 19. g3 e3 20. f3 Nf2 21. Qxd5
Qxd5 22. cxd5 Bb7 23. Bb3 a5 24. Kg2 Rbd8 25. Nc3 a4 26. Bxa4 Bxd5 27. Nxd5
Rxd5 28. Bb3 Rd2 29. Kg1 Kf8 30. Rac1 Nd3 31. f4 Nxe1 0-1

[Event "III Mikolajowy Turniej Szachowy <br> Gru"]
[Site "MOKiS Myslenice"]
[Date "2012.??.??"]
[Round "6.1"]
[White "Suder, Jakub"]
[Black "Mucha, Roman"]
[Result "0-1"]
[WhiteElo "1494"]
[BlackElo "2177"]
[PlyCount "66"]
[EventDate "2012.??.??"]

1. Nf3 g6 2. d4 Bg7 3. g3 Nf6 4. Bg2 O-O 5. c4 d6 6. Nc3 Nc6 7. O-O a6 8. Bg5
h6 9. Bf4 Rb8 10. a4 Kh7 11. h3 Bf5 12. Be3 e5 13. d5 Na5 14. Nd2 c5 15. g4
Bxg4 16. hxg4 Nxg4 17. Bf3 Qh4 18. Bxg4 Qxg4+ 19. Kh2 Qh4+ 20. Kg2 Qg4+ 21. Kh2
Nxc4 22. Nxc4 Qxc4 23. Rh1 f5 24. Kg2 f4 25. Bd2 e4 26. Be1 f3+ 27. Kf1 e3 28.
Rg1 Bxc3 29. Qc2 Qxe2+ 30. Qxe2 fxe2+ 31. Kxe2 Bxe1 32. Rgxe1 exf2 33. Rf1
Rbe8+ 0-1

[Event "III Mikolajowy Turniej Szachowy <br> Gru"]
[Site "MOKiS Myslenice"]
[Date "2012.??.??"]
[Round "6.2"]
[White "Chmiel, Marcin"]
[Black "Wilk, Maciej"]
[Result "1-0"]
[WhiteElo "1982"]
[BlackElo "1646"]
[PlyCount "47"]
[EventDate "2012.??.??"]

1. d4 g6 2. e4 Bg7 3. Nf3 e6 4. Bd3 Ne7 5. O-O b6 6. Re1 Bb7 7. Qe2 O-O 8. c3
d6 9. Bf4 Nd7 10. Nbd2 Re8 11. a4 a5 12. h4 h6 13. Qe3 Kh7 14. Bg3 f5 15. exf5
Nxf5 16. Qf4 Nf6 17. Bh2 Nh5 18. Qg4 Bf6 19. Rxe6 Rxe6 20. Bxf5 gxf5 21. Qxf5+
Kg7 22. Qxe6 Bc8 23. Qd5 Bd7 24. Qxh5 1-0

[Event "III Mikolajowy Turniej Szachowy <br> Gru"]
[Site "MOKiS Myslenice"]
[Date "2012.??.??"]
[Round "6.3"]
[White "Solek, Zenon"]
[Black "Madej, Roman"]
[Result "1-0"]
[WhiteElo "1896"]
[BlackElo "1609"]
[PlyCount "46"]
[EventDate "2012.??.??"]

1. e4 c5 2. Nf3 d6 3. d4 cxd4 4. Nxd4 Nf6 5. Nc3 a6 6. Bg5 e6 7. f4 Be7 8. Qf3
Nbd7 9. O-O-O O-O 10. g4 Qc7 11. Bg2 Rb8 12. Rhe1 b5 13. Qg3 Bb7 14. a3 Ba8 15.
Na2 Rfc8 16. c3 a5 17. Kb1 b4 18. axb4 axb4 19. Nxb4 d5 20. Na6 Rxb2+ 21. Kxb2
Qb6+ 22. Nb4 Bxb4 23. cxb4 Qxb4+ 1-0

[Event "III Mikolajowy Turniej Szachowy <br> Gru"]
[Site "MOKiS Myslenice"]
[Date "2012.??.??"]
[Round "6.4"]
[White "Burek, Marcin"]
[Black "Szczurek, Krzysztof"]
[Result "1/2-1/2"]
[WhiteElo "1734"]
[BlackElo "1590"]
[PlyCount "50"]
[EventDate "2012.??.??"]

1. e4 c5 2. c3 e6 3. d4 d5 4. exd5 exd5 5. Nf3 Nf6 6. Bb5+ Nc6 7. Ne5 Bd7 8.
Nxd7 Qxd7 9. O-O Be7 10. Nd2 a6 11. Bxc6 bxc6 12. Re1 O-O 13. Nf3 Bd6 14. h3
Rfe8 15. Be3 cxd4 16. cxd4 Ne4 17. Qa4 Reb8 18. Rec1 Rxb2 19. Qxc6 Qxc6 20.
Rxc6 Rab8 21. g4 a5 22. a4 h6 23. Ra6 Rb1+ 24. Rxb1 Rxb1+ 25. Kg2 Bb4 1/2-1/2

[Event "III Mikolajowy Turniej Szachowy <br> Gru"]
[Site "MOKiS Myslenice"]
[Date "2012.??.??"]
[Round "6.5"]
[White "Bandyk, Sebastian"]
[Black "Adamczyk, Pawel"]
[Result "1/2-1/2"]
[WhiteElo "1454"]
[BlackElo "1528"]
[PlyCount "34"]
[EventDate "2012.??.??"]

1. e4 c5 2. Nf3 e6 3. d4 cxd4 4. Nxd4 Nc6 5. Nc3 Nf6 6. Ndb5 Bb4 7. a3 Bxc3+ 8.
Nxc3 d5 9. exd5 exd5 10. Bd3 O-O 11. O-O d4 12. Ne4 Bf5 13. Bg5 Bxe4 14. Bxe4
Qd6 15. Bxc6 bxc6 16. c3 Ne4 17. Bh4 dxc3 1/2-1/2

[Event "III Mikolajowy Turniej Szachowy <br> Gru"]
[Site "MOKiS Myslenice"]
[Date "2012.??.??"]
[Round "6.6"]
[White "Krasinski, Mateusz"]
[Black "Bandyk, Wladyslaw"]
[Result "1-0"]
[WhiteElo "1638"]
[BlackElo "1631"]
[PlyCount "35"]
[EventDate "2012.??.??"]

1. d4 d5 2. c4 dxc4 3. Nc3 a6 4. a4 Nc6 5. Nf3 Nf6 6. Bf4 g6 7. e3 Na5 8. Ne5
Be6 9. Qf3 c6 10. Rd1 Rc8 11. e4 Bg7 12. d5 cxd5 13. Nxd5 Nxd5 14. exd5 Bf5 15.
g4 Bc2 16. Rd2 Bxa4 17. Nxf7 Kxf7 18. Bc7+ 1-0

[Event "III Mikolajowy Turniej Szachowy <br> Gru"]
[Site "MOKiS Myslenice"]
[Date "2012.??.??"]
[Round "6.7"]
[White "Platek, Adam"]
[Black "Krzymionka, Karol"]
[Result "0-1"]
[WhiteElo "1700"]
[BlackElo "1629"]
[PlyCount "68"]
[EventDate "2012.??.??"]

1. d4 Nf6 2. Nf3 d5 3. c4 g6 4. cxd5 Nxd5 5. Nc3 Bg7 6. Qb3 Nb6 7. e3 O-O 8. a4
a5 9. Bd2 Nc6 10. Be2 Be6 11. Qd1 Bf5 12. e4 Bg4 13. d5 Bxf3 14. Bxf3 Ne5 15.
Be2 Nec4 16. b3 Nxd2 17. Qxd2 Qd6 18. Rc1 c6 19. dxc6 Qxd2+ 20. Kxd2 Bh6+ 21.
Kc2 Bxc1 22. cxb7 Rab8 23. Rxc1 Rxb7 24. Bb5 Rc7 25. Kb2 Rd8 26. Rc2 e6 27. f3
Nc8 28. Re2 Na7 29. Bc4 Rcd7 30. Nb5 Nc6 31. f4 Nb4 32. Na3 Rd2+ 33. Rxd2 Rxd2+
34. Kc3 Rxg2 0-1

[Event "III Mikolajowy Turniej Szachowy <br> Gru"]
[Site "MOKiS Myslenice"]
[Date "2012.??.??"]
[Round "6.9"]
[White "Mrozinski, Michal"]
[Black "Mis, Mieszko"]
[Result "0-1"]
[WhiteElo "1397"]
[BlackElo "1412"]
[PlyCount "64"]
[EventDate "2012.??.??"]

1. e4 e6 2. d4 d5 3. Nd2 Nf6 4. e5 Nfd7 5. f4 c5 6. c3 Nc6 7. Ndf3 Qb6 8. g3
cxd4 9. cxd4 Bb4+ 10. Kf2 f6 11. Be3 fxe5 12. fxe5 Be7 13. Qd2 Qb4 14. Qc2 Rf8
15. Kg2 Qb6 16. b3 g6 17. Nh3 Ndxe5 18. Nxe5 Nxe5 19. Bh6 Ng4 20. Bf4 Rxf4 21.
Qe2 Re4 22. Qb2 Bf6 23. Qc1 Ne3+ 24. Kf3 Qxd4 25. Bb5+ Bd7 26. Bxd7+ Kxd7 27.
Rb1 Rf8 28. Kf2 Bg5+ 29. Kg1 Nf1+ 30. Kg2 Re2+ 31. Nf2 Rfxf2+ 32. Kh3 Bxc1 0-1

[Event "III Mikolajowy Turniej Szachowy <br> Gru"]
[Site "MOKiS Myslenice"]
[Date "2012.??.??"]
[Round "7.1"]
[White "Mucha, Roman"]
[Black "Chmiel, Marcin"]
[Result "1/2-1/2"]
[WhiteElo "2177"]
[BlackElo "1982"]
[PlyCount "86"]
[EventDate "2012.??.??"]

1. e4 c5 2. b3 e6 3. Bb2 d5 4. exd5 exd5 5. d4 Nf6 6. Nf3 Bd6 7. Bb5+ Bd7 8.
Qe2+ Qe7 9. Qxe7+ Kxe7 10. dxc5 Bxc5 11. Bxd7 Nbxd7 12. O-O Rhe8 13. Nc3 Kf8
14. Rad1 Nb6 15. Nb5 Rac8 16. Bxf6 gxf6 17. Nxa7 Ra8 18. Nb5 Rxa2 19. Nfd4 Rd8
20. Ra1 Rxa1 21. Rxa1 Nd7 22. Rd1 Ne5 23. Nc7 Rc8 24. Nxd5 Bxd4 25. Rxd4 Rxc2
26. h3 Rb2 27. b4 Kg7 28. Ne7 Nc6 29. Rg4+ Kf8 30. Nd5 Ne5 31. Rf4 Nd3 32. Rd4
Rb1+ 33. Kh2 Nxf2 34. Nxf6 Kg7 35. Ne8+ Kf8 36. Nd6 Ke7 37. Nxb7 Nd1 38. Nc5
Nc3 39. Rh4 Nd5 40. Nd3 Rd1 41. Nf4 Nxb4 42. Rxh7 Nd5 43. Nxd5+ Rxd5 1/2-1/2

[Event "III Mikolajowy Turniej Szachowy <br> Gru"]
[Site "MOKiS Myslenice"]
[Date "2012.??.??"]
[Round "7.2"]
[White "Krasinski, Mateusz"]
[Black "Solek, Zenon"]
[Result "0-1"]
[WhiteElo "1638"]
[BlackElo "1896"]
[PlyCount "76"]
[EventDate "2012.??.??"]

1. d4 Nf6 2. c4 c5 3. d5 a6 4. Nc3 b5 5. cxb5 axb5 6. Nxb5 Qa5+ 7. Nc3 Bb7 8.
Bd2 Qb6 9. e4 e6 10. dxe6 fxe6 11. Bc4 Nxe4 12. Nxe4 Bxe4 13. Qh5+ Bg6 14. Qe2
Be7 15. Bc3 O-O 16. Kf1 Bf6 17. Bxf6 Rxf6 18. Rd1 d5 19. Rxd5 exd5 20. Bxd5+
Kf8 21. Bxa8 c4 22. Qd2 Bd3+ 23. Ke1 Re6+ 24. Kd1 Nd7 25. Bf3 Rd6 26. Kc1 Ne5
27. Qf4+ Rf6 28. Qd2 Rd6 29. Qf4+ Kg8 30. Nh3 Bg6 31. Be2 Nd3+ 32. Bxd3 cxd3
33. Qc4+ Bf7 34. Qc8+ Rd8 35. Qc3 d2+ 36. Kd1 Bxa2 37. b4 Qe6 38. Kc2 Rc8 0-1

[Event "III Mikolajowy Turniej Szachowy <br> Gru"]
[Site "MOKiS Myslenice"]
[Date "2012.??.??"]
[Round "7.3"]
[White "Wilk, Maciej"]
[Black "Suder, Jakub"]
[Result "1/2-1/2"]
[WhiteElo "1646"]
[BlackElo "1494"]
[PlyCount "102"]
[EventDate "2012.??.??"]

1. g3 d5 2. Bg2 e5 3. b3 Be6 4. Bb2 Nc6 5. e3 Bc5 6. Ne2 Qd7 7. d4 exd4 8. Nxd4
Nxd4 9. Bxd4 Bxd4 10. Qxd4 Nf6 11. Nd2 O-O 12. Nf3 Qd6 13. O-O c5 14. Qd3 Rfd8
15. Rfd1 Qc7 16. Ng5 Qe5 17. Nxe6 Qxe6 18. Qb5 Qc6 19. Qxc6 bxc6 20. c4 g6 21.
Rac1 Rac8 22. Kf1 d4 23. exd4 cxd4 24. c5 Ng4 25. h3 Nh6 26. Rc4 Nf5 27. g4 Nh4
28. Rcxd4 Rxd4 29. Rxd4 Nxg2 30. Kxg2 Rc7 31. Kf3 f6 32. Kf4 h6 33. h4 Kf7 34.
h5 gxh5 35. gxh5 Re7 36. b4 Re2 37. Rd7+ Ke6 38. Rd6+ Ke7 39. Kf3 Rxa2 40. Rxc6
Ra3+ 41. Kg2 Rb3 42. Rc7+ Ke6 43. Rxa7 Rxb4 44. Rh7 Rc4 45. c6 Rxc6 46. Rxh6
Rc8 47. Kg3 Kf5 48. f3 Rg8+ 49. Kh4 Rg7 50. Rh8 Kf4 51. Rf8 f5 1/2-1/2

[Event "III Mikolajowy Turniej Szachowy <br> Gru"]
[Site "MOKiS Myslenice"]
[Date "2012.??.??"]
[Round "7.4"]
[White "Madej, Roman"]
[Black "Burek, Marcin"]
[Result "1-0"]
[WhiteElo "1609"]
[BlackElo "1734"]
[PlyCount "45"]
[EventDate "2012.??.??"]

1. d4 e6 2. c4 d5 3. Nc3 Nf6 4. cxd5 exd5 5. Bg5 Nbd7 6. e3 Be7 7. Bd3 h6 8.
Bh4 c6 9. Qc2 O-O 10. Nf3 Re8 11. O-O Ne4 12. Bxe7 Qxe7 13. Bxe4 dxe4 14. Nd2
Nf6 15. Nc4 Nd5 16. Ne5 Bf5 17. Qb3 f6 18. Nc4 Bg6 19. Na5 Bf7 20. Qxb7 Qxb7
21. Nxb7 Rab8 22. Nd6 Rxb2 23. Nxe8 1-0

[Event "III Mikolajowy Turniej Szachowy <br> Gru"]
[Site "MOKiS Myslenice"]
[Date "2012.??.??"]
[Round "7.5"]
[White "Krzymionka, Karol"]
[Black "Bandyk, Sebastian"]
[Result "0-1"]
[WhiteElo "1629"]
[BlackElo "1454"]
[PlyCount "84"]
[EventDate "2012.??.??"]

1. e4 c5 2. Nc3 e6 3. g3 Nc6 4. Bg2 Nf6 5. Nge2 Be7 6. O-O d5 7. exd5 Nxd5 8.
Nxd5 exd5 9. d4 c4 10. Nf4 Be6 11. Nxe6 fxe6 12. Re1 Qd7 13. Bh3 Nd8 14. Qg4
Kf7 15. Bf4 Bf6 16. Be5 Qe7 17. f4 g6 18. Re3 Re8 19. Rae1 Rc8 20. Ra3 Qb4 21.
Rae3 Rc6 22. b3 Bxe5 23. fxe5 cxb3 24. Rf1+ Kg7 25. Rxb3 Qd2 26. Rbf3 Rxc2 27.
R3f2 Qe3 28. Qf4 Qxf4 29. Rxf4 Rxa2 30. Rc1 Re7 31. Rc8 Nc6 32. g4 g5 33. Rff8
Nxd4 34. Rg8+ Kh6 35. Rcf8 Rg7 36. Rf6+ Rg6 37. Rh8 Rxf6 38. exf6 Kg6 39. f7
Kxf7 40. Rxh7+ Kf6 41. Rxb7 Ne2+ 42. Kf1 Nf4 0-1

[Event "III Mikolajowy Turniej Szachowy <br> Gru"]
[Site "MOKiS Myslenice"]
[Date "2012.??.??"]
[Round "7.6"]
[White "Adamczyk, Pawel"]
[Black "Szczurek, Krzysztof"]
[Result "1-0"]
[WhiteElo "1528"]
[BlackElo "1590"]
[PlyCount "69"]
[EventDate "2012.??.??"]

1. e4 c5 2. Nf3 d6 3. d4 cxd4 4. Nxd4 Nf6 5. f3 e5 6. Nb3 Nc6 7. c4 Nxe4 8.
fxe4 Qh4+ 9. Kd2 Be6 10. Nc3 Nd4 11. g3 Qg5+ 12. Ke1 Qf6 13. Nxd4 exd4 14. Nb5
Rc8 15. Qxd4 Qf3 16. Rg1 a6 17. Be2 Qf6 18. Qxf6 gxf6 19. Nd4 Kd7 20. Bf4 Bg7
21. Rd1 Bf8 22. b3 Be7 23. Nc2 Rhe8 24. Nd4 Rh8 25. Nf5 Bxf5 26. exf5 h5 27.
Rd5 Rc7 28. Kf2 h4 29. Rgd1 hxg3+ 30. hxg3 Rh2+ 31. Kf3 Rc8 32. Bxd6 Bxd6 33.
Rxd6+ Kc7 34. Rd7+ Kb8 35. Rd8 1-0

[Event "III Mikolajowy Turniej Szachowy <br> Gru"]
[Site "MOKiS Myslenice"]
[Date "2012.??.??"]
[Round "7.7"]
[White "Bandyk, Wladyslaw"]
[Black "Platek, Adam"]
[Result "0-1"]
[WhiteElo "1631"]
[BlackElo "1700"]
[PlyCount "34"]
[EventDate "2012.??.??"]

1. e4 c5 2. Nf3 Nc6 3. d4 cxd4 4. Nxd4 Nf6 5. Nc3 e5 6. Nf5 d5 7. Nxd5 Nxd5 8.
exd5 Bxf5 9. dxc6 Qxd1+ 10. Kxd1 bxc6 11. Bc4 Rd8+ 12. Bd2 Bc5 13. Kc1 O-O 14.
b4 Be7 15. Rd1 Rd4 16. Bb3 Bxb4 17. c3 Ba3# 0-1

[Event "III Mikolajowy Turniej Szachowy <br> Gru"]
[Site "MOKiS Myslenice"]
[Date "2012.??.??"]
[Round "8.1"]
[White "Bandyk, Sebastian"]
[Black "Mucha, Roman"]
[Result "1/2-1/2"]
[WhiteElo "1454"]
[BlackElo "2177"]
[PlyCount "38"]
[EventDate "2012.??.??"]

1. e4 c5 2. Nf3 a6 3. c4 Nc6 4. d4 cxd4 5. Nxd4 Nf6 6. Nxc6 bxc6 7. Nc3 e5 8.
Bd3 Bc5 9. O-O O-O 10. Qf3 Kh8 11. Be3 Bxe3 12. Qxe3 d6 13. c5 Ng4 14. Qg3 dxc5
15. Be2 Nf6 16. Qxe5 Qd4 17. Qf4 Be6 18. a3 Nd5 19. Qf3 Nxc3 1/2-1/2

[Event "III Mikolajowy Turniej Szachowy <br> Gru"]
[Site "MOKiS Myslenice"]
[Date "2012.??.??"]
[Round "8.2"]
[White "Chmiel, Marcin"]
[Black "Solek, Zenon"]
[Result "1/2-1/2"]
[WhiteElo "1982"]
[BlackElo "1896"]
[PlyCount "67"]
[EventDate "2012.??.??"]

1. e4 c5 2. Nf3 e6 3. d4 cxd4 4. Nxd4 a6 5. Bd3 Nf6 6. O-O Qc7 7. Qe2 Bd6 8. f4
Bc5 9. Be3 Qb6 10. c3 Nc6 11. Kh1 Nxd4 12. cxd4 Bxd4 13. Bxd4 Qxd4 14. Nc3 O-O
15. Rad1 Qc5 16. e5 Ne8 17. Qh5 f5 18. Rf3 g6 19. Qh4 Rf7 20. Bf1 Qe7 21. Qxe7
Rxe7 22. Na4 b5 23. Nc5 Nc7 24. g3 Ra7 25. Rfd3 Nd5 26. a3 Rc7 27. b4 a5 28.
Rb3 axb4 29. axb4 Nxb4 30. Nxe6 Bb7+ 31. Kg1 dxe6 32. Rxb4 Red7 33. Rxd7 Rxd7
34. Rxb5 1/2-1/2

[Event "III Mikolajowy Turniej Szachowy <br> Gru"]
[Site "MOKiS Myslenice"]
[Date "2012.??.??"]
[Round "8.3"]
[White "Madej, Roman"]
[Black "Wilk, Maciej"]
[Result "0-1"]
[WhiteElo "1609"]
[BlackElo "1646"]
[PlyCount "86"]
[EventDate "2012.??.??"]

1. d4 d5 2. c4 c6 3. Nf3 e6 4. Nc3 dxc4 5. e4 b5 6. Be2 Bb4 7. Bd2 Nf6 8. e5
Nd5 9. Ne4 Be7 10. O-O O-O 11. Qc2 f5 12. Nc3 Nxc3 13. bxc3 Nd7 14. Qc1 Nb6 15.
Bg5 Nd5 16. Bxe7 Qxe7 17. Ng5 Nxc3 18. Qxc3 Qxg5 19. f4 Qe7 20. Bf3 Bb7 21.
Rad1 Rfd8 22. Rd2 Qc7 23. Rfd1 Rd7 24. Qa3 Qb6 25. Qc5 Rad8 26. Qxb6 axb6 27.
Kf2 Kf7 28. Ke3 Ke7 29. g3 c5 30. Bxb7 Rxb7 31. dxc5 Rxd2 32. Rxd2 bxc5 33. Rd6
Rc7 34. Rb6 b4 35. Rb5 Kd7 36. Rb6 Ra7 37. Rd6+ Ke7 38. Rc6 Ra3+ 39. Kd2 Rxa2+
40. Kc1 b3 41. Rxc5 Rc2+ 42. Kb1 Kd7 43. Ka1 c3 0-1

[Event "III Mikolajowy Turniej Szachowy <br> Gru"]
[Site "MOKiS Myslenice"]
[Date "2012.??.??"]
[Round "8.4"]
[White "Suder, Jakub"]
[Black "Adamczyk, Pawel"]
[Result "1/2-1/2"]
[WhiteElo "1494"]
[BlackElo "1528"]
[PlyCount "48"]
[EventDate "2012.??.??"]

1. d4 d5 2. c4 c6 3. Nf3 e6 4. cxd5 exd5 5. Nc3 Nf6 6. e3 Bd6 7. Bd3 O-O 8. Qc2
h6 9. O-O Bg4 10. Nd2 Qc7 11. h3 Be6 12. Rb1 Nbd7 13. b4 Rfc8 14. Na4 b6 15.
Ba3 c5 16. Ba6 cxb4 17. Qxc7 Rxc7 18. Bxb4 Bxb4 19. Rxb4 Rc2 20. Rb2 Rxb2 21.
Nxb2 Rb8 22. Rc1 b5 23. Rc7 Nb6 24. Nd3 Nc4 1/2-1/2

[Event "III Mikolajowy Turniej Szachowy <br> Gru"]
[Site "MOKiS Myslenice"]
[Date "2012.??.??"]
[Round "8.5"]
[White "Szczurek, Krzysztof"]
[Black "Krasinski, Mateusz"]
[Result "0-1"]
[WhiteElo "1590"]
[BlackElo "1638"]
[PlyCount "45"]
[EventDate "2012.??.??"]

1. d4 Nf6 2. c4 c5 3. d5 b5 4. cxb5 a6 5. b6 Qxb6 6. Nc3 d6 7. Nf3 g6 8. g3 Bg7
9. Bg2 O-O 10. O-O Nbd7 11. Qc2 Ng4 12. e4 Nge5 13. Nxe5 Nxe5 14. Kh1 Rb8 15.
Rb1 Qa5 16. f4 Nc4 17. Rf3 Bxc3 18. Rxc3 Na3 19. Qd1 Nxb1 20. Rc2 Bd7 21. Qf1
Qxa2 22. f5 Qb3 23. Qf2 0-1